01032nab a2200265 uc450000100070000000500170000700800410002403500110006503500210007604000130009704100080011010000600011824500660017865000370024465000470028165000340032865000660036265000360042865000820046465000290054665000390057577301230061494200100073799900190074780202720241025090853.0030325e20021201 spa  a802027 a(OCoLC)820014739 ccomduadb aspa10aHerrera Batista, Lorenzo Miguel Angel4auteaut937299514aLas fuentes del aprendizaje en ambientes virtuales educativos 7aPsicología cognitiva2dcs9312 aAmbientes virtuales de aprendizaje9111239 aAsimilación cultural943678 aPiaget, Jean, 1886-1980 - Crítica e interpretación979596 aEstructuras conceptuales936458 aInnovaciones tecnológicas de la información y de la comunicación928163 7aAprendizaje2lemb943900 7aProcesos cognitivos2embne91110160 tReencuentro : Análisis de Problemas Universitarios (México)gNo. 35, Dic. 2002, p. 70-84w308832z0188168X0104906 cARIMP c273677d273677